Meilleurs buteurs de l'Espagne - Statistiques

Statistiques générales
  • Ce quiz a été pris 110 fois
  • Le résultat moyen est 5 sur 10
Statistiques - réponses
Rang Joueurs Buts % Correct
#3 Fernando Torres 38
89%
#1 David Villa 59
86%
#4 Alvaro Morata 37
73%
#2 Raul 44
69%
#9 Sergio Ramos 23
52%
#9 Alfredo di Stéfano 23
41%
#5 David Silva 35
38%
#8 Emilio Butragueno 26
38%
#7 Fernando Morientes 27
31%
#6 Fernando Hierro 29
24%
Aucun quiz correspondant
Distribution des résultats
% des personnes avec chaque résultat
Percentile par nombre de réponses
Votre historique - résultats
Vous n’avez pas pris ce quiz